Lady sings the blues / (Record no. 35469)
[ view plain ]
| 000 -LEADER | |
|---|---|
| fixed length control field | 00428nam a22001577a 4500 |
| 003 - CONTROL NUMBER IDENTIFIER | |
| control field | OSt |
| 005 - DATE AND TIME OF LATEST TRANSACTION | |
| control field | 20140311130134.0 |
| 008 - FIXED-LENGTH DATA ELEMENTS--GENERAL INFORMATION | |
| fixed length control field | 130608t xxu||||| |||| 00| 0 eng d |
| 050 ## - LIBRARY OF CONGRESS CALL NUMBER | |
| Classification number | ML 420 |
| Item number | .H732 1972 |
| 082 ## - DEWEY DECIMAL CLASSIFICATION NUMBER | |
| Classification number | M 784.53 |
| Item number | H71 1972 |
| 245 ## - TITLE STATEMENT | |
| Title | Lady sings the blues / |
| Statement of responsibility, etc | Holiday, Billie |
| 260 ## - PUBLICATION, DISTRIBUTION, ETC. (IMPRINT) | |
| Place of publication, distribution, etc | New York, NY : |
| Name of publisher, distributor, etc | Lancer Books, Inc., |
| Date of publication, distribution, etc | c1956. |
| 300 ## - PHYSICAL DESCRIPTION | |
| Extent | 191 p. |
| Other physical details | ill. ; |
| Dimensions | 18 cm. |
| 942 ## - ADDED ENTRY ELEMENTS (KOHA) | |
| Source of classification or shelving scheme | Library of Congress Classification |
| Koha item type | Books |
| Call number prefix | |
No items available.